Central Library OPAC University of Rajshahi

Decisions about people in need : (Record no. 5252)

MARC details
000 -LEADER
fixed length control field 00927cam a2200289 4500
001 - CONTROL NUMBER
control field 5252
003 - CONTROL NUMBER IDENTIFIER
rucl marc code BD-RjUL
005 - DATE AND TIME OF LATEST TRANSACTION
control field 20211208234033.0
008 - FIXED-LENGTH DATA ELEMENTS--GENERAL INFORMATION
fixed length control field 131224s1957 ncua b 001 0 eng
035 ## - SYSTEM CONTROL NUMBER
System control number (OCoLC)ocm00263322
System control number (BD-RjUL)5288
040 ## - CATALOGING SOURCE
Original cataloging agency DLC
Transcribing agency WSU
Modifying agency OCL
-- SER
-- ZCU
-- BD-RjUL
Language of cataloging eng
041 ## - LANGUAGE CODE
Language code of text/sound track or separate title eng
082 00 - DEWEY DECIMAL CLASSIFICATION NUMBER
Classification number 361.8
Author mark and year KED 1957
099 ## - LOCAL FREE-TEXT CALL NUMBER (OCLC)
Bangla Class number 339.073
-- K269
100 1# - MAIN ENTRY--PERSONAL NAME
Personal name Keith-Lucas, Alan.
9 (RLIN) 16513
245 10 - TITLE STATEMENT
Title Decisions about people in need :
Remainder of title a study of administrative responsiveness in public assistance /
Statement of responsibility, etc. Alan Keith-Lucas.
260 ## - PUBLICATION, DISTRIBUTION, ETC. (IMPRINT)
Place of publication, distribution, etc. Chapel Hill :
Name of publisher, distributor, etc. University of North Carolina Press,
Date of publication, distribution, etc. c1957.
300 ## - PHYSICAL DESCRIPTION
Pagination x, 318 p. :
Illustrations diagrs., tables. ;
Size 24 cm.
504 ## - BIBLIOGRAPHY, ETC. NOTE
Bibliography, etc Bibliography: p. [275]-304.
Bibliography, etc Includes index.
650 #0 - SUBJECT ADDED ENTRY--TOPICAL TERM
Topical term or geographic name as entry element Social case work.
9 (RLIN) 15737
Topical term or geographic name as entry element Public welfare
Geographic subdivision United States.
9 (RLIN) 7051
942 ## - ADDED ENTRY ELEMENTS (KOHA)
Source of classification or shelving scheme Dewey Decimal Classification
Koha item type Books
Holdings
Lost status Source of classification or shelving scheme Damaged status Not for loan Collection code Permanent Location Current Location Shelving location Date acquired Source of acquisition Cost, normal purchase price Total Checkouts Full call number Date last seen Copy number Koha item type
  Dewey Decimal Classification   Not For Loan Non-fiction Central Library, University of Rajshahi Central Library, University of Rajshahi   26/09/1970 Sweets & Zeitlingers 58.00   361.8 KED 1957 24/12/2013 C-1 Books